La musique (Record no. 170771)

MARC details
000 -LEADER
campo de control de longitud fija 00781nam a2200229 i 4500
001 - NÚMERO DE CONTROL
campo de control 170771
003 - IDENTIFICADOR DE NÚMERO DE CONTROL
campo de control ES-MaACL
005 - FECHA Y HORA DE LA ÚLTIMA TRANSACCIÓN
campo de control 20250824010756.0
007 - CAMPO FIJO DE DESCRIPCIÓN FÍSICA--INFORMACIÓN GENERAL
campo de control de longitud fija t|
008 - DATOS DE LONGITUD FIJA--INFORMACIÓN GENERAL
campo de control de longitud fija 090403s1914 fr ||||1| fre d
080 ## - NÚMERO DE LA CLASIFICACIÓN DECIMAL UNIVERSAL
Número de la Clasificación Decimal Universal 78"16/17"
100 1# - ENTRADA PRINCIPAL--NOMBRE DE PERSONA
Nombre de persona Curzon, Henri de.
9 (RLIN) 42258
245 13 - MENCIÓN DEL TÍTULO
Título La musique
Resto del título : textes choisis et commentés /
Mención de responsabilidad, etc. par Henri de Curzon.
260 ## - PUBLICACIÓN, DISTRIBUCIÓN, ETC.
Lugar de publicación, distribución, etc. Paris :
Nombre del editor, distribuidor, etc. Plon-Nourrit et Cie,
Fecha de publicación, distribución, etc. 1914.
300 ## - DESCRIPCIÓN FÍSICA
Extensión III, 341 p. ;
Dimensiones 19 cm.
490 1# - MENCIÓN DE SERIE
Mención de serie Bibliothèque française. XVIIIe siècle. La vie artistique
650 #4 - PUNTO DE ACCESO ADICIONAL DE MATERIA--TÉRMINO DE MATERIA
Término de materia o nombre geográfico como elemento de entrada Música-
Subdivisión geográfica Francia.
9 (RLIN) 15390
830 0# - PUNTO DE ACCESO ADICIONAL DE SERIE-TÍTULO UNIFORME
Título uniforme Bibliothèque française. XVIIIe siècle. La vie artistique
9 (RLIN) 223077
852 4# - LOCALIZACIÓN
Ubicación ES-MaACL
Número de control de estantería E-12540
itemnumber R.140149
Nota libre . - Biblioteca Jacinto Martínez Lacalle
942 ## - ELEMENTOS DE ENTRADA SECUNDARIOS (KOHA)
Fuente del sistema de clasificación o colocación Clasificación decimal universal
Holdings
Estatus retirado Estado de pérdida Estado de daño No para préstamo Biblioteca de origen Biblioteca actual Ubicación en estantería Fecha de adquisición Fuente de adquisición Total de préstamos Signatura topográfica completa Código de barras Visto por última vez Precio de reemplazo Tipo de ítem Koha
        Biblioteca del Ateneo de Madrid Biblioteca del Ateneo de Madrid Depósito 2 03/04/2009     E-12540 1179223 23/02/2023 23/02/2023 Libro impreso